Two Eyes Of Bhagawatam/ (Record no. 190135)

MARC details
000 -LEADER
fixed length control field 00522nam a22001697a 4500
005 - DATE AND TIME OF LATEST TRANSACTION
control field 20220719105211.0
010 ## - LCCN (DPL NO)
LC control number ENG-133681
020 ## - INTERNATIONAL STANDARD BOOK NUMBER
Terms of availability 200.00
035 ## - SYSTEM CONTROL NUMBER
System control number EN-117213
037 ## - SOURCE OF ACQUISITION
Source of stock number/acquisition DBAD/PUB
100 ## - MAIN ENTRY--PERSONAL NAME
Personal name Raghavendran, Tamraparni Subbachar
245 ## - TITLE STATEMENT
Title Two Eyes Of Bhagawatam/
Statement of responsibility, etc Tanaraparni Subbachar Raghavendran
260 ## - PUBLICATION, DISTRIBUTION, ETC. (IMPRINT)
Place of publication, distribution, etc Tiruchanur
Name of publisher, distributor, etc Srinam Madhawa Sidhanta Onnahini Sabha
Date of publication, distribution, etc 2021
270 ## - ADDRESS
City tiruchanur
Postal code 517503
300 ## - PHYSICAL DESCRIPTION
Extent vi;217p.
Other physical details ill.
Dimensions 21.5m(Pbk)
942 ## - ADDED ENTRY ELEMENTS (KOHA)
Source of classification or shelving scheme Dewey Decimal Classification
Item type English Books
Classification part 230.1
Call number suffix RAG
Holdings
Withdrawn status Lost status Not for loan Collection code Home library Current library Date acquired Source of acquisition Cost, normal purchase price Full call number Barcode Copy number Cost, replacement price Koha item type
      Non-fiction R.K.Puram-8 R.K.Puram-8 19/07/2022 DBAD/PUB 200.00 230.1 RAG EN-117213 1 200.00 English Books

© Delhi Public Library
Hit Counter
free hit counter